| 000 | 00769 a2200253 4500 | ||
|---|---|---|---|
| 005 | 20250415125429.0 | ||
| 020 | _a9788131717608 | ||
| 050 |
_aSF95 _bMCD 2002 |
||
| 100 |
_aMcDonald, Peter _eauthor |
||
| 245 |
_aAnimal nutrition / _cPeter McDonald [and others] |
||
| 250 | _aSixth edition | ||
| 264 |
_aNew Delhi : _bPearson Education Ltd, _c2002 |
||
| 300 |
_axiv, 693 pages : _billustrations |
||
| 336 |
_2rdacontent _atext _btxt |
||
| 337 |
_2rdamedia _aunmediated _bn |
||
| 338 |
_2rdacarrier _avolume _bnc |
||
| 504 | _aIncludes bibliographies | ||
| 650 | _aAnimal nutrition | ||
| 650 | _aFeeds | ||
| 700 |
_aEdwards, R. A. _eauthor |
||
| 700 |
_aGreenhalgh, J.F.D. _eauthor |
||
| 700 |
_aMorgan, C. A. _eauthor |
||
| 942 |
_2lcc _cBK _eSixth edition _h95 _iMcD _kSF |
||
| 999 |
_c5837 _d5837 |
||